Making sense of hierarchy : cognition as social process in Fiji
Αποθηκεύτηκε σε:
| Κύριος συγγραφέας: | |
|---|---|
| Μορφή: | Βιβλίο |
| Γλώσσα: | English |
| Δημοσίευση: |
London :
Athlone Press,
1990
|
| Σειρά: | Monographs on social anthropology ;
; 61 |
| Θέματα: | |
| Ετικέτες: |
Προσθήκη ετικέτας
Δεν υπάρχουν, Καταχωρήστε ετικέτα πρώτοι!
|
MARC
| LEADER | 00000nam a2200000 i 4500 | ||
|---|---|---|---|
| 001 | 1/10000 | ||
| 008 | 970411s1990 eng d | ||
| 020 | |a 0-485-19561-5 | ||
| 035 | |l 10017690 | ||
| 040 | |a GR-MY-UA |b gre |e aacr | ||
| 041 | 0 | |a eng | |
| 082 | 0 | |a 306.83089995 | |
| 100 | 1 | |a Toren, Christina |d 1947- | |
| 245 | 1 | 0 | |a Making sense of hierarchy : |b cognition as social process in Fiji / |c Christina Toren |
| 260 | |a London : |b Athlone Press, |c 1990 | ||
| 300 | |a 287 p. |b fig. | ||
| 490 | 1 | |a Monographs on social anthropology |v ; 61 | |
| 504 | |a Includes bibliographical references and index | ||
| 650 | 0 | 0 | |a Fijians |x Kinship. |
| 650 | 0 | 0 | |a Fijians |x Social conditions. |
| 650 | 0 | 0 | |a Spatial behavior |z Fiji |z Sawaieke. |
| 650 | 0 | 0 | |a Social structure |z Fiji |z Sawaieke. |
| 651 | 0 | |a Sawaieke (Fiji) |x Social conditions. | |
| 830 | 0 | |a Monographs on social anthropology ; |v ; 61 | |
| 852 | |a INST |b LESVOS |e 19970411 |h 306.83089995 TOR |p 005100011526 |q 005100011526 |t BK |y 0 | ||
| 909 | |a Λ |b 049602 | ||